| 000 | 00879nam a2200277Ia 4500 | ||
|---|---|---|---|
| 001 | Z_6908 | ||
| 008 | 220601s9999 xx 000 0 und d | ||
| 020 | _a978-1-907284-47-2 | ||
| 082 | _a636.41 G33 | ||
| 100 |
_aGadd, John _9184563 |
||
| 245 | _aModern pig production technology: a practical guide to profit / John Gadd | ||
| 260 | _aNottingham, Reino Unido : Nottingham University Press | ||
| 300 | _axvi, 596 p. | ||
| 503 | _aej.1: consumo \ ej.2: consumo \ ej.3: consumo (zootecnia) | ||
| 504 | _aIncluye bibliografía | ||
| 650 | 0 |
_aCerdos _9152255 |
|
| 650 |
_aProducción de cerdos _9146310 |
||
| 650 | _aCerdos -- Cría | ||
| 650 |
_aProducción animal _991859 |
||
| 650 | _aTecnología de producciónÌ | ||
| 901 | _a636.41 G33 | ||
| 902 | _aM | ||
| 905 | _a5232272011 xxkamn 8222223322eng16 | ||
| 942 | _c1 | ||
| 999 |
_c217183 _d217183 |
||